Biblioteca

Selecting a church planting model that works (Registro nro. 70348)

Detalles MARC
000 -LÍDER
Campo fijo de descripción fija 01614nab a2200229 i 4500
001 - NÚMERO DE CONTROL
Campo de control 768714001
003 - IDENTIFICADOR DEL NÚMERO DE CONTROL
Campo de control CO-MdFUSB
005 - FECHA Y HORA DE LA ULTIMA TRANSACCIÓN
control field 20240626090639.0
008 - ELEMENTOS DE LONGITUD FIJA -- INFORMACIÓN GENERAL
Campo fijo de descripción fija -- Información general 240626t1994 us ||||| |||| 00| 0 eng d
040 ## - FUENTE DE CATALOGACIÓN
Idioma de catalogación spa
Agencia que realiza la transcripción CO-MdFUSB
Agencia que realiza la modificación CO-MdFUSB
041 ## - CÓDIGO DE IDIOMA
Código de idioma para texto/pista de sonido o título separado eng
100 ## - ASIENTO PRINCIPAL--NOMBRE PERSONAL
Nombre personal Steffen, Tom A.,
Fechas asociadas con el nombre 1947-
Término relacionador autor
245 ## - TÍTULO
Título Selecting a church planting model that works
Mención de responsabilidad / Tom A. Steffen
520 ## - NOTA DE RESUMEN, ETC.
Nota de sumario, etc. A diferencia de hace una década, ahora existe una gran cantidad de modelos de plantación de iglesias entre los cuales los plantadores de iglesias pueden elegir. Continúan saliendo nuevos modelos de las imprentas. Si bien la multiplicación de modelos proporciona nuevas y valiosas ideas sobre la ambigua tarea de plantar iglesias, también crea un nuevo dilema. ¿Cómo pueden los plantadores de iglesias seleccionar o diseñar un modelo de plantación de iglesias que coincida con un grupo étnico específico? Este artículo critica seis modelos de plantación de iglesias, investiga cómo la filosofía y la visión personal del plantador de iglesias impactan dicha selección y proporciona un modelo bidimensional para mostrar cómo explorar las opciones y elaborar un modelo efectivo de plantación de iglesias para un grupo étnico específico.
546 ## - NOTA DE IDIOMA
Nota de idioma Texto en inglés.
650 #7 - ASIENTO SECUNDARIO DE MATERIA - TERMINO TEMÁTICO
Término temático o nombre geográfico como elemento de entrada Iglesia
9 (RLIN) 655
650 #7 - ASIENTO SECUNDARIO DE MATERIA - TERMINO TEMÁTICO
Término temático o nombre geográfico como elemento de entrada Antropología cultural y social
9 (RLIN) 6714
650 #0 - ASIENTO SECUNDARIO DE MATERIA - TERMINO TEMÁTICO
Término temático o nombre geográfico como elemento de entrada Evangelización
9 (RLIN) 362
773 0# - ASIENTO DE ITEM FUENTE
Biblionumber 49486
Itemnumber 61123
Lugar, editorial y fecha de publicación Pasadena
Otro identificador del ítem R0891
Título Missiology:
Número de control del registro (CO-MdFUSB)97
Parte(s) relacionada(s) / Volumen., número. (mes año), páginas Volumen 22, (número 3, 1994) páginas: 361 - 376
Enumeración y primera página página: 361
942 ## - TIPO DE MATERIAL (KOHA)
Tipo de Item KOHA Revistas y Fascículos
945 ## - INFORMACIÓN LOCAL DEL REGISTRO
Catalogador Catherine Arias Álvarez - Practicante SENA

No hay ítems disponibles.

Biblioteca FUSBC | Teléfono: (57+4) 349 88 10 Ext. 141| WhatsApp (+57) 3005338115 
E-mail: biblioteca@unisbc.edu.co | Calle 76 87-14 Robledo Palenque, Medellín, Colombia

Con tecnología Koha